<?xml version="1.0" encoding="UTF-8"?><?xml-stylesheet type="text/xsl" href="static/style.xsl"?><OAI-PMH xmlns="http://www.openarchives.org/OAI/2.0/" xmlns:xsi="http://www.w3.org/2001/XMLSchema-instance" xsi:schemaLocation="http://www.openarchives.org/OAI/2.0/ http://www.openarchives.org/OAI/2.0/OAI-PMH.xsd"><responseDate>2026-04-17T15:59:58Z</responseDate><request verb="GetRecord" identifier="oai:www.recercat.cat:20.500.12694/7447" metadataPrefix="marc">https://recercat.cat/oai/request</request><GetRecord><record><header><identifier>oai:recercat.cat:20.500.12694/7447</identifier><datestamp>2025-12-31T09:19:51Z</datestamp><setSpec>com_2072_179042</setSpec><setSpec>col_2072_484474</setSpec></header><metadata><record xmlns="http://www.loc.gov/MARC21/slim" xmlns:dcterms="http://purl.org/dc/terms/" xmlns:xsi="http://www.w3.org/2001/XMLSchema-instance" xmlns:doc="http://www.lyncode.com/xoai" xsi:schemaLocation="http://www.loc.gov/MARC21/slim http://www.loc.gov/standards/marcxml/schema/MARC21slim.xsd">
   <leader>00925njm 22002777a 4500</leader>
   <datafield ind2=" " ind1=" " tag="042">
      <subfield code="a">dc</subfield>
   </datafield>
   <datafield ind2=" " ind1=" " tag="720">
      <subfield code="a">Mora Tur, Antoni</subfield>
      <subfield code="e">author</subfield>
   </datafield>
   <datafield ind2=" " ind1=" " tag="260">
      <subfield code="c">2020-06</subfield>
   </datafield>
   <datafield ind2=" " ind1=" " tag="520">
      <subfield code="a">Aquest treball conté un estudi de la vessant de músic improvisador de Keith Jarrett, en concret, la que està dirigida a la concepció dels seus concerts per a piano sol, el format dels quals ha esdevingut únic i influent per a un gran nombre de músics posteriors. L'objectiu és fer una anàlisi dels enregistraments d'aquests concerts amb la finalitat d'aproximar-nos una mica més a entendre’n l’origen i d’extreure conclusions que puguin enriquir la nostra pràctica musical.</subfield>
   </datafield>
   <datafield ind2=" " ind1=" " tag="520">
      <subfield code="a">Este trabajo contiene un estudio de la faceta de músico improvisador de Keith Jarrett. En concreto, la que está dirigida a la creación de sus conciertos para piano solo, cuyo formato único ha influido en muchos músicos posteriores. El objetivo es realizar un análisis de las grabaciones de estos conciertos con el fin de aproximarnos al entendimiento de su concepción y de extraer conclusiones que ayuden a enriquecer nuestra práctica musical.</subfield>
   </datafield>
   <datafield ind2=" " ind1=" " tag="520">
      <subfield code="a">This research presents a study of Keith Jarrett in his role as a musical improviser, specifically in regard to his solo piano concerts. These have become unique in their approach and a great influence on later musicians. The aim is to analyze these recorded concerts in order to understand their conception and to obtain useful information and concepts that may contribute to our playing.</subfield>
   </datafield>
   <datafield ind1="8" ind2=" " tag="024">
      <subfield code="a">http://hdl.handle.net/20.500.12694/7447</subfield>
   </datafield>
   <datafield tag="653" ind2=" " ind1=" ">
      <subfield code="a">TFG Jazz i música moderna</subfield>
   </datafield>
   <datafield tag="653" ind2=" " ind1=" ">
      <subfield code="a">Jarrett, Keith--Crítica i interpretació</subfield>
   </datafield>
   <datafield tag="653" ind2=" " ind1=" ">
      <subfield code="a">Concerts (Piano)--Anàlisi i apreciació</subfield>
   </datafield>
   <datafield tag="653" ind2=" " ind1=" ">
      <subfield code="a">Piano, Música per a (Jazz)</subfield>
   </datafield>
   <datafield ind2="0" ind1="0" tag="245">
      <subfield code="a">Anàlisi del discurs musical de Keith Jarrett en les improvisacions a piano sol</subfield>
   </datafield>
</record></metadata></record></GetRecord></OAI-PMH>